Statistics for Седам светских чуда старог света

Click here to take the quiz!

General Stats

  • This quiz has been taken 151 times
  • The average score is 4 of 7

Answer Stats

Answer% Correct
Велика {Пирамида} у Гизи
99%
Статуа {Зевса} у Олимпији
61%
{Висећи} {Вртови} Вавилона
57%
{Колос} са Родоса
55%
{Светионик} у Александрији
52%
{Артемидин} {Храм} у Ефесу
25%
{Маузолеј} у Халикарнасу
18%

Score Distribution

Percentile by Number Answered

Percent of People with Each Score

Your Score History

You have not taken this quiz